[Event "33rd ECC Women 2017"]
[Site "Antalya TUR"]
[Date "2017.10.13"]
[Round "6.4"]
[Board "4"]
[White "Sade, Defne"]
[Black "Dragomirescu, Angela"]
[Result "0-1"]
[WhiteTitle "WCM"]
[BlackTitle "WIM"]
[WhiteElo "1951"]
[BlackElo "2231"]
[WhiteTeam "Aegean"]
[BlackTeam "Cs Studentesc Medicina Timisoara"]
[WhiteFideId "6371884"]
[BlackFideId "1209914"]
[EventDate "2017.10.08"]

1. e4 d6 2. d4 Nf6 3. Nc3 g6 4. f4 Bg7 5. Nf3 O-O 6. Be2 c6 7. O-O b5 8. a3 a6
9. Kh1 Bb7 10. e5 Nd5 11. Nxd5 cxd5 12. Bd3 Nc6 13. c3 Bc8 14. Qe1 dxe5 15. fxe5
f6 16. exf6 exf6 17. a4 Re8 18. Qh4 b4 19. Bh6 Ra7 20. Rae1 Rxe1 21. Rxe1 Re7
22. Bxg7 Kxg7 23. Rxe7+ Qxe7 24. Qe1 Kf7 25. Kg1 bxc3 26. Qxe7+ Kxe7 27. bxc3 a5
28. Bb5 Na7 29. Bd3 Bd7 30. Bc2 Nc8 31. Nd2 Nb6 32. Kf2 Bxa4 33. Bxa4 Nxa4 34.
c4 Nc3 35. cxd5 Nxd5 36. Ke2 Nb6 37. Kd3 f5 38. Kc3 Kd6 39. Nb3 a4 40. Nd2 Kd5
41. Nf3 Nc4 42. Kb4 a3 43. Kb3 f4 44. h4 h6 45. Ka2 Ke4 46. Kb3 Ne3 47. Ne5 Nxg2
48. Nxg6 f3 49. Ne5 f2 50. Nc4 Kd3 51. Ne5+ Ke2 0-1

[Event "33rd ECC Women 2017"]
[Site "Antalya TUR"]
[Date "2017.10.13"]
[Round "6.5"]
[Board "1"]
[White "Richard, Emma"]
[Black "Shvayger, Yuliya"]
[Result "0-1"]
[WhiteTitle "WFM"]
[BlackTitle "WGM"]
[WhiteElo "2086"]
[BlackElo "2442"]
[WhiteTeam "Mulhouse Philidor"]
[BlackTeam "Beer Sheva Chess Club"]
[WhiteFideId "657590"]
[BlackFideId "14100126"]
[EventDate "2017.10.08"]

1. e4 c5 2. Nf3 Nc6 3. Bb5 d6 4. O-O Bd7 5. c3 Nf6 6. Re1 a6 7. Bf1 Bg4 8. h3
Bxf3 9. Qxf3 g6 10. d3 Bg7 11. Qd1 Nd7 12. Bg5 O-O 13. Nd2 b5 14. Nf3 Nb6 15.
Qd2 Na4 16. Bh6 e5 17. Rac1 Bxh6 18. Qxh6 f6 19. b3 Nb6 20. d4 Qe7 21. a4 bxa4
22. bxa4 Nxa4 23. dxe5 Nxe5 24. Nh2 c4 25. Qd2 Nc5 26. Rb1 Ned3 27. Re3 Rfb8 28.
Qa2 Rxb1 29. Qxb1 Kg7 30. Qa2 Qf7 31. h4 Rb8 32. h5 Rb2 33. Qa5 Nxf2 34. e5 Nce4
35. exf6+ Nxf6 36. Rf3 N2e4 37. Qxa6 d5 38. Ng4 gxh5 39. Ne3 Rb8 40. Nf5+ Kh8
41. Nd4 Qg6 42. Qa7 Re8 43. Qc7 Ng4 44. Rh3 Ng5 45. Rg3 Qf6 46. Nf3 Ne4 47. Rh3
Qxc3 48. Qf4 Qb2 0-1

[Event "33rd ECC Women 2017"]
[Site "Antalya TUR"]
[Date "2017.10.13"]
[Round "6.5"]
[Board "2"]
[White "Klinova, Masha"]
[Black "Haussernot, Cecile"]
[Result "1-0"]
[WhiteTitle "IM"]
[BlackTitle "WFM"]
[WhiteElo "2289"]
[BlackElo "2169"]
[WhiteTeam "Beer Sheva Chess Club"]
[BlackTeam "Mulhouse Philidor"]
[WhiteFideId "2802015"]
[BlackFideId "601632"]
[EventDate "2017.10.08"]

1. e4 c5 2. Nf3 d6 3. Bb5+ Nd7 4. O-O a6 5. Bxd7+ Bxd7 6. d4 cxd4 7. Qxd4 e5 8.
Qd3 h6 9. a4 Rc8 10. c4 Nf6 11. Nc3 Be7 12. b3 O-O 13. Rd1 Be6 14. Ba3 Qb6 15.
a5 Qa7 16. Nxe5 b5 17. axb6 Qxb6 18. Nd5 Bxd5 19. exd5 Rfe8 20. Nc6 Ng4 21. Qd4
Qxb3 22. Nxe7+ Rxe7 23. Qxg4 Rxc4 24. Qg3 1-0

[Event "33rd ECC Women 2017"]
[Site "Antalya TUR"]
[Date "2017.10.13"]
[Round "6.5"]
[Board "3"]
[White "Choisy, Mathilde"]
[Black "Brusilovski, Lena"]
[Result "1-0"]
[WhiteTitle "WFM"]
[WhiteElo "2162"]
[BlackElo "1881"]
[WhiteTeam "Mulhouse Philidor"]
[BlackTeam "Beer Sheva Chess Club"]
[WhiteFideId "634565"]
[BlackFideId "2803216"]
[EventDate "2017.10.08"]

1. e4 c5 2. Nf3 d6 3. d4 cxd4 4. Nxd4 Nf6 5. Nc3 g6 6. Be3 Bg7 7. f3 O-O 8. Qd2
Nc6 9. O-O-O Nxd4 10. Bxd4 Be6 11. Kb1 Qc7 12. h4 Rfc8 13. h5 Qa5 14. hxg6 Rxc3
15. gxh7+ Nxh7 16. Qxc3 Qxa2+ 17. Kc1 Bxd4 18. Qxd4 Rc8 19. Bd3 Nf6 20. Qe3 Qa1+
21. Kd2 Qa5+ 22. b4 Qe5 23. Qh6 Ne8 24. Rh5 Qc3+ 25. Ke2 f6 26. Qh8+ Kf7 27.
Rh7+ Kg6 28. Rdh1 Bc4 29. R1h6+ Kg5 30. Rg7+ Kf4 31. Rxf6+ Ke5 32. Rxe7+ 1-0

[Event "33rd ECC Women 2017"]
[Site "Antalya TUR"]
[Date "2017.10.13"]
[Round "6.6"]
[Board "1"]
[White "Okuyaz, Duru"]
[Black "Kaplan, Ebru"]
[Result "1-0"]
[WhiteTitle "WFM"]
[WhiteElo "2233"]
[BlackElo "2001"]
[WhiteTeam "Marmara"]
[BlackTeam "Mediterranean"]
[WhiteFideId "6346022"]
[BlackFideId "6315194"]
[EventDate "2017.10.08"]

1. e4 c5 2. Nf3 d6 3. d4 Nf6 4. Nc3 cxd4 5. Nxd4 g6 6. Be3 Bg7 7. f3 a6 8. Qd2
Nbd7 9. g4 b5 10. Nc6 Qc7 11. Nxe7 Bb7 12. g5 Ne5 13. Be2 Kxe7 14. gxf6+ Bxf6
15. O-O-O Rhd8 16. Nd5+ Bxd5 17. Qxd5 Rac8 18. Rd2 Nc4 19. Bxc4 bxc4 20. c3 Rb8
21. Bg5 Rb5 22. Bxf6+ Kxf6 23. e5+ Ke7 24. exd6+ Rxd6 25. Re1+ Re6 26. Rxe6+
fxe6 27. Qd4 Kf7 28. Qh8 Qf4 29. Qxh7+ Kf6 30. Qh8+ Kf7 31. Qd4 Rf5 32. Qxf4
Rxf4 33. Rf2 Kf6 34. Kd2 Kf5 35. b3 g5 36. b4 Rh4 37. Ke3 e5 38. a4 Ke6 39. b5
axb5 40. axb5 Kd5 41. Rb2 Rh7 42. b6 Rb7 43. Rb4 Kd6 44. Ke4 Ke6 45. Rb5 Kd6 46.
Kf5 Kc6 47. Rb4 Kd5 48. Kxg5 e4 49. fxe4+ Kxe4 50. Rxc4+ Kd3 51. Rc6 1-0

[Event "33rd ECC Women 2017"]
[Site "Antalya TUR"]
[Date "2017.10.13"]
[Round "6.6"]
[Board "2"]
[White "Ince, Safiye Oyku"]
[Black "Caglar, Sila"]
[Result "0-1"]
[WhiteTitle "WCM"]
[BlackTitle "WFM"]
[WhiteElo "1861"]
[BlackElo "2153"]
[WhiteTeam "Mediterranean"]
[BlackTeam "Marmara"]
[WhiteFideId "6391222"]
[BlackFideId "6364063"]
[EventDate "2017.10.08"]

1. e4 c5 2. Nf3 d6 3. c3 Nf6 4. Bc4 e6 5. Qe2 Be7 6. O-O O-O 7. Bb3 b6 8. d3 Bb7
9. Nbd2 Nc6 10. d4 cxd4 11. cxd4 d5 12. e5 Nd7 13. Re1 Nb4 14. Nf1 Ba6 15. Qe3
Rc8 16. Bd2 Nd3 17. Reb1 f5 18. exf6 Rxf6 19. Bc3 Bd6 20. Ng3 Nf4 21. a4 Nf8 22.
Ne5 N8g6 23. Nxg6 Rxg6 24. Bd1 Qh4 25. Bf3 Rh6 26. h3 Nxh3+ 27. gxh3 Qxh3 28.
Qxh6 Qxh6 29. Kg2 Rf8 30. Be1 Qf6 31. Bg4 Bxg3 32. Kxg3 Qf4+ 33. Kh3 Bf1+ 34.
Kh4 Qh2+ 0-1

[Event "33rd ECC Women 2017"]
[Site "Antalya TUR"]
[Date "2017.10.14"]
[Round "7.1"]
[Board "1"]
[White "Dzagnidze, Nana"]
[Black "Paehtz, Elisabeth"]
[Result "1/2-1/2"]
[WhiteTitle "GM"]
[BlackTitle "IM"]
[WhiteElo "2520"]
[BlackElo "2453"]
[WhiteTeam "Batumi Chess Club NONA"]
[BlackTeam "Cs Studentesc Medicina Timisoara"]
[WhiteFideId "13601903"]
[BlackFideId "4641833"]
[EventDate "2017.10.08"]

1. d4 d5 2. c4 dxc4 3. e4 b5 4. a4 c6 5. Nf3 e6 6. b3 Bb4+ 7. Bd2 Bxd2+ 8. Qxd2
Nf6 9. axb5 Nxe4 10. Qc2 Nf6 11. bxc4 O-O 12. Bd3 cxb5 13. cxb5 Bb7 14. Nbd2 Qd5
15. O-O Rc8 16. Qb2 Nbd7 17. Rfc1 Rxc1+ 18. Rxc1 Qd6 19. h3 g6 20. Be2 a6 21.
Nc4 Qd5 22. Ne3 Qd6 23. Ne5 axb5 24. Bxb5 Nf8 25. Bc6 Bxc6 26. Rxc6 Rb8 27. Qa1
Qb4 28. Rc7 Rb7 29. Rxb7 Qxb7 30. d5 Nxd5 31. N5g4 Nd7 32. Nh6+ Kf8 33. Qh8+ Ke7
34. Qg7 Nxe3 35. Qxf7+ Kd8 36. fxe3 Qb1+ 37. Kf2 Qb2+ 38. Kg3 Qe5+ 39. Qf4 Ke7
40. Ng8+ Kd6 41. Kg4 h5+ 42. Kh4 Qxf4+ 43. exf4 e5 44. fxe5+ Nxe5 45. Kg5 Ke6
46. Nh6 Ke7 47. g4 hxg4 48. Nxg4 Nxg4 49. hxg4 Kf7 50. Kf4 Ke6 51. Kg5 Ke5 1/2-1/2

[Event "33rd ECC Women 2017"]
[Site "Antalya TUR"]
[Date "2017.10.14"]
[Round "7.1"]
[Board "2"]
[White "Sandu, Mihaela"]
[Black "Harika, Dronavalli"]
[Result "1/2-1/2"]
[WhiteTitle "WGM"]
[BlackTitle "GM"]
[WhiteElo "2278"]
[BlackElo "2528"]
[WhiteTeam "Cs Studentesc Medicina Timisoara"]
[BlackTeam "Batumi Chess Club NONA"]
[WhiteFideId "1204327"]
[BlackFideId "5015197"]
[EventDate "2017.10.08"]

1. e4 e6 2. d4 d5 3. Nc3 Bb4 4. e5 c5 5. a3 Bxc3+ 6. bxc3 Ne7 7. Nf3 Qa5 8. Bd2
Nbc6 9. a4 Bd7 10. Bb5 Qc7 11. O-O Na5 12. Bd3 h6 13. Bc1 b6 14. Re1 Rc8 15. Qd2
Bc6 16. Qf4 c4 17. Bf1 Qd7 18. g4 Bxa4 19. Ra2 b5 20. Ba3 Nb7 21. h4 a5 22. h5
Nc6 23. g5 b4 24. gxh6 gxh6 25. Bc1 Bb5 26. Bh3 Kd8 27. Kh2 Kc7 28. Rg1 Rh7 29.
Ra1 Kb6 30. Bd2 Qe7 31. cxb4 axb4 32. c3 Nba5 33. Be1 Nb3 34. Ra2 Rf8 35. cxb4
Rhh8 36. Rg7 Rhg8 37. Rxg8 Rxg8 38. Qxh6 Qe8 39. Qf4 Rh8 40. Bg4 Qe7 41. Bc3 Rg8
42. Kh3 Rf8 43. Ng5 Rg8 44. h6 Rf8 45. Nh7 Rh8 46. Nf6 Kb7 47. Bf3 Qf8 48. h7
Qg7 49. Bg4 Ne7 50. Kg3 Nf5+ 51. Kh2 Rxh7+ 52. Nxh7 Qxh7+ 53. Bh3 Qh5 54. f3 Bd7
55. Rg2 Qh7 56. Qg5 1/2-1/2

[Event "33rd ECC Women 2017"]
[Site "Antalya TUR"]
[Date "2017.10.14"]
[Round "7.1"]
[Board "4"]
[White "Dragomirescu, Angela"]
[Black "Khotenashvili, Bela"]
[Result "0-1"]
[WhiteTitle "WIM"]
[BlackTitle "GM"]
[WhiteElo "2231"]
[BlackElo "2459"]
[WhiteTeam "Cs Studentesc Medicina Timisoara"]
[BlackTeam "Batumi Chess Club NONA"]
[WhiteFideId "1209914"]
[BlackFideId "13602640"]
[EventDate "2017.10.08"]

1. Nf3 g6 2. g3 Bg7 3. Bg2 c5 4. d3 d5 5. O-O Nc6 6. Nbd2 Nf6 7. e4 O-O 8. Re1
e6 9. c3 a5 10. e5 Nd7 11. d4 cxd4 12. cxd4 f6 13. exf6 Qxf6 14. Qe2 Re8 15. Nf1
Nxd4 16. Nxd4 Qxd4 17. Rd1 Qe5 18. Qb5 Rf8 19. f4 Qd6 20. Qe2 Qa6 21. Qe1 Nc5
22. Ne3 a4 23. Bf1 Qb6 24. Rb1 a3 25. b4 Na4 26. Rb3 Nb2 27. Rd2 Bd7 28. b5 Rfc8
29. Rf2 Bd4 30. Bd2 Nc4 31. Bc1 Nb2 32. Kg2 Rc7 33. Bd2 Nc4 34. Bc1 Nb2 35. Bd2
Nc4 36. Bc1 Bxb5 37. Re2 Bxe3 38. Rexe3 Nxe3+ 39. Bxe3 Bxf1+ 40. Qxf1 Rc2+ 41.
Kg1 Qa6 42. Qh3 Rac8 43. Rb1 d4 44. Bxd4 Rc1+ 45. Rxc1 Rxc1+ 0-1

[Event "33rd ECC Women 2017"]
[Site "Antalya TUR"]
[Date "2017.10.14"]
[Round "7.2"]
[Board "2"]
[White "Caglar, Sila"]
[Black "Fataliyeva, Ulviyya"]
[Result "1/2-1/2"]
[WhiteTitle "WFM"]
[BlackTitle "WIM"]
[WhiteElo "2153"]
[BlackElo "2348"]
[WhiteTeam "Marmara"]
[BlackTeam "Odlar Yurdu"]
[WhiteFideId "6364063"]
[BlackFideId "13403052"]
[EventDate "2017.10.08"]

1. e4 e6 2. d4 d5 3. Nd2 Nf6 4. Bd3 c5 5. c3 cxd4 6. cxd4 dxe4 7. Nxe4 Bd7 8.
Nf3 Nxe4 9. Bxe4 Bc6 10. Bxc6+ Nxc6 11. O-O Be7 12. Qb3 Qb6 13. Qc4 Qb4 14. b3
Rd8 15. Bb2 O-O 16. Rfd1 Qxc4 17. bxc4 Na5 18. Rac1 Rc8 19. c5 Rfd8 20. Ne5 Nc6
21. Nc4 Rd7 22. Bc3 Rcd8 23. Ba5 Rb8 24. Bc3 g6 25. g3 h5 26. Rb1 Bf8 27. Na5
Nxa5 28. Bxa5 Rc8 29. Rd2 Bg7 30. Bc3 Rc6 31. Rdb2 b6 32. cxb6 axb6 33. Rb3 Ra7
34. a3 Ra6 35. Kg2 Rd6 36. Rd1 Ra4 37. Bb2 Kf8 38. Rb5 Ke8 39. Rd3 Kd8 40. Rf3
f5 41. Rfb3 Ra6 42. Kf3 Kc7 43. Ke3 g5 1/2-1/2

[Event "33rd ECC Women 2017"]
[Site "Antalya TUR"]
[Date "2017.10.14"]
[Round "7.3"]
[Board "1"]
[White "Zhukova, Natalia"]
[Black "Richard, Emma"]
[Result "1-0"]
[WhiteTitle "GM"]
[BlackTitle "WFM"]
[WhiteElo "2426"]
[BlackElo "2086"]
[WhiteTeam "Bossa Nova"]
[BlackTeam "Mulhouse Philidor"]
[WhiteFideId "14101513"]
[BlackFideId "657590"]
[EventDate "2017.10.08"]

1. d4 Nf6 2. c4 e6 3. Nc3 Bb4 4. Nf3 O-O 5. Bg5 c5 6. e3 Qa5 7. Bxf6 gxf6 8. Rc1
cxd4 9. exd4 e5 10. a3 Bxc3+ 11. Rxc3 e4 12. Nd2 Re8 13. c5 d5 14. cxd6 Nc6 15.
Bc4 e3 16. fxe3 Qg5 17. Kf2 f5 18. Qf3 Qf6 19. Qg3+ Kh8 20. Nf3 Re4 21. Qg5 Qxd6
22. Qh5 f6 23. Bd3 Bd7 24. Bxe4 fxe4 25. Nd2 f5 26. Qh4 f4 27. Nxe4 fxe3+ 28.
Ke1 Qxd4 29. Qf6+ Qxf6 30. Nxf6 Bf5 31. Rxe3 Kg7 32. Ne8+ Kg8 33. Nd6 Bd7 34.
Rf1 h6 35. Rg3+ Kh8 36. Rf6 1-0

[Event "33rd ECC Women 2017"]
[Site "Antalya TUR"]
[Date "2017.10.14"]
[Round "7.4"]
[Board "1"]
[White "Kaplan, Ebru"]
[Black "Ushenina, Anna"]
[Result "0-1"]
[BlackTitle "GM"]
[WhiteElo "2001"]
[BlackElo "2445"]
[WhiteTeam "Mediterranean"]
[BlackTeam "UGRA Chess Clup"]
[WhiteFideId "6315194"]
[BlackFideId "14110911"]
[EventDate "2017.10.08"]

1. e4 c5 2. Nf3 e6 3. d4 cxd4 4. Nxd4 Nc6 5. Nc3 Qc7 6. f4 a6 7. Nf3 b5 8. a3
Bb7 9. Bd3 d6 10. O-O Nf6 11. Qe1 Be7 12. Kh1 b4 13. axb4 Nxb4 14. Qg3 Nxd3 15.
cxd3 O-O 16. Be3 Kh8 17. Rfc1 Qd8 18. e5 Nd5 19. Bd4 dxe5 20. Bxe5 f6 21. Nxd5
Bxd5 22. Bc3 Bd6 23. Qg4 Qb8 24. f5 exf5 25. Qxf5 Qb7 26. Ra4 Rae8 27. Rh4 Bg8
28. Rg1 Qf7 29. Rh3 Qe6 30. Qh5 Qd5 31. Qg6 Re3 32. Rd1 Qe6 33. Qh5 Re8 34. Rh4
Qd5 35. Qg6 Qb7 36. Rf1 a5 37. Qf5 Re2 38. Rg1 Bb4 39. h3 Qe7 40. Nd4 Re5 41.
Qf2 Qc5 42. Qd2 Re3 43. Rc1 Qg5 44. Rg4 Qh6 45. Kg1 Bc5 46. Bxa5 f5 47. Rxc5
fxg4 48. hxg4 Qd6 49. Qc3 Re1+ 50. Kf2 Qf4+ 0-1

[Event "33rd ECC Women 2017"]
[Site "Antalya TUR"]
[Date "2017.10.14"]
[Round "7.4"]
[Board "2"]
[White "Pogonina, Natalija"]
[Black "Ince, Safiye Oyku"]
[Result "1-0"]
[WhiteTitle "WGM"]
[BlackTitle "WCM"]
[WhiteElo "2466"]
[BlackElo "1861"]
[WhiteTeam "UGRA Chess Clup"]
[BlackTeam "Mediterranean"]
[WhiteFideId "4147855"]
[BlackFideId "6391222"]
[EventDate "2017.10.08"]

1. d4 d5 2. Nf3 Nc6 3. g3 Bg4 4. Bg2 e6 5. O-O Nf6 6. c4 Bd6 7. cxd5 exd5 8. Nc3
O-O 9. Bg5 Be6 10. Qb3 Na5 11. Qb5 c6 12. Bxf6 gxf6 13. Qd3 f5 14. e3 Kh8 15.
Ne2 Qf6 16. b3 Rg8 17. Nf4 Rac8 18. Rac1 b6 19. Kh1 Rc7 20. Bh3 Nb7 21. Nh4 Rg5
22. Rc2 Nd8 23. Nfg2 Rh5 24. f4 Be7 25. Ne1 c5 26. Qd1 Qh6 27. Nef3 Nc6 28. dxc5
bxc5 29. Bg2 Rd7 30. Rd2 Bf6 31. Qc2 Be7 32. Rfd1 d4 33. exd4 Nxd4 34. Nxd4 cxd4
35. Rxd4 Rxd4 36. Rxd4 Bxh4 37. gxh4 Qf6 38. Qc3 Kg7 39. h3 Rxh4 40. Qg3+ Kf8
41. Rb4 Qd8 42. Qc3 Kg8 43. Kh2 Qd6 44. Qd4 Qc7 45. Qf6 Rh5 46. Rd4 Bd7 47. Qe7
Rxh3+ 48. Bxh3 Qc2+ 49. Bg2 1-0

[Event "33rd ECC Women 2017"]
[Site "Antalya TUR"]
[Date "2017.10.14"]
[Round "7.4"]
[Board "3"]
[White "Can, Isil"]
[Black "Girya, Olga"]
[Result "0-1"]
[WhiteTitle "WCM"]
[BlackTitle "WGM"]
[WhiteElo "1791"]
[BlackElo "2505"]
[WhiteTeam "Mediterranean"]
[BlackTeam "UGRA Chess Clup"]
[WhiteFideId "34505733"]
[BlackFideId "4195752"]
[EventDate "2017.10.08"]

1. e4 c6 2. d4 d5 3. exd5 cxd5 4. Bd3 Nc6 5. c3 Nf6 6. Bf4 Bg4 7. Qb3 e5 8. Bxe5
Qe7 9. f3 Nxe5 10. dxe5 Qxe5+ 11. Ne2 Bd7 12. Nd2 Bc5 13. O-O-O O-O 14. Qc2 b5
15. Nb3 Be3+ 16. Kb1 a5 17. Ned4 b4 18. cxb4 a4 19. f4 Qd6 20. Nc5 Bxd4 21.
Bxh7+ Nxh7 22. Rxd4 Nf6 23. a3 Rfe8 24. Rhd1 Bg4 25. R1d2 Re1+ 26. Ka2 g6 27. h3
Bf5 28. Qc3 Bb1+ 29. Ka1 Ne4 30. Nxe4 Bxe4+ 31. Ka2 Bb1+ 32. Ka1 Bc2+ 0-1

[Event "33rd ECC Women 2017"]
[Site "Antalya TUR"]
[Date "2017.10.14"]
[Round "7.4"]
[Board "4"]
[White "Nechaeva, Marina"]
[Black "Ozbek, Busra"]
[Result "1-0"]
[WhiteTitle "IM"]
[WhiteElo "2431"]
[BlackElo "1850"]
[WhiteTeam "UGRA Chess Clup"]
[BlackTeam "Mediterranean"]
[WhiteFideId "4149351"]
[BlackFideId "34507108"]
[EventDate "2017.10.08"]

1. d4 g6 2. c4 Bg7 3. Nf3 d6 4. Nc3 Nf6 5. g3 O-O 6. Bg2 c6 7. O-O Qa5 8. e4 e5
9. h3 Nbd7 10. Be3 exd4 11. Nxd4 Re8 12. Qc2 a6 13. Rad1 Nc5 14. Bf4 Rd8 15.
Rfe1 Nh5 16. Be3 Ne6 17. Nb3 Qe5 18. Bb6 Re8 19. Qd2 Bf8 20. f4 Qf6 21. Bf2 Rb8
22. f5 gxf5 23. exf5 Nc7 24. Ne4 Qd8 25. g4 Ng7 26. Bd4 Rxe4 27. Bxe4 Qh4 28.
Kg2 d5 29. cxd5 cxd5 30. Bf2 Qf6 31. Bf3 Bd7 32. Qd4 Qg5 33. Qd2 Qf6 34. Qc3 Qd6
35. Bg3 Qb4 36. Qxc7 Re8 37. Qxd7 Rxe1 38. Rxe1 Qb5 39. Qxb5 axb5 40. Bxd5 Bb4
41. Rc1 h5 42. Rc8+ Kh7 43. Bxf7 hxg4 44. Bg6+ Kh6 45. Bf4# 1-0

[Event "33rd ECC Women 2017"]
[Site "Antalya TUR"]
[Date "2017.10.14"]
[Round "7.5"]
[Board "1"]
[White "Shvayger, Yuliya"]
[Black "Kashlinskaya, Alina"]
[Result "1/2-1/2"]
[WhiteTitle "WGM"]
[BlackTitle "IM"]
[WhiteElo "2442"]
[BlackElo "2455"]
[WhiteTeam "Beer Sheva Chess Club"]
[BlackTeam "Legacy Square Capital"]
[WhiteFideId "14100126"]
[BlackFideId "4198026"]
[EventDate "2017.10.08"]

1. e4 e5 2. Nf3 Nc6 3. Nc3 Nf6 4. Bb5 Nd4 5. Bc4 Bc5 6. d3 d6 7. Nxd4 Bxd4 8.
Qf3 c6 9. Bb3 a5 10. a4 Qe7 11. O-O h6 12. Be3 O-O 13. Bxd4 exd4 14. Nb1 Bg4 15.
Qg3 Be6 16. Bxe6 fxe6 17. e5 dxe5 18. Qxe5 Qb4 19. b3 Rae8 20. Na3 Qc3 21. Qe1
Nd5 22. Qxc3 dxc3 23. Nc4 Nb4 24. Rac1 b5 25. Ne3 Nd5 26. Ra1 Nxe3 27. fxe3 b4
28. Rxf8+ Rxf8 29. Rf1 Rxf1+ 30. Kxf1 e5 31. e4 1/2-1/2

[Event "33rd ECC Women 2017"]
[Site "Antalya TUR"]
[Date "2017.10.14"]
[Round "7.5"]
[Board "2"]
[White "Kovalevskaya, Ekaterina"]
[Black "Klinova, Masha"]
[Result "1/2-1/2"]
[WhiteTitle "IM"]
[BlackTitle "IM"]
[WhiteElo "2411"]
[BlackElo "2289"]
[WhiteTeam "Legacy Square Capital"]
[BlackTeam "Beer Sheva Chess Club"]
[WhiteFideId "4116704"]
[BlackFideId "2802015"]
[EventDate "2017.10.08"]

1. Nf3 Nf6 2. g3 g6 3. Bg2 Bg7 4. O-O O-O 5. d4 d6 6. Re1 Nbd7 7. e4 e5 8. Nc3
c6 9. a4 Re8 10. h3 exd4 11. Nxd4 Nc5 12. Bf4 Nh5 13. Be3 Nf6 14. Bf4 Nh5 15.
Be3 Nf6 16. Bf4 Nh5 17. Be3 Nf6 18. Bf4 1/2-1/2

[Event "33rd ECC Women 2017"]
[Site "Antalya TUR"]
[Date "2017.10.14"]
[Round "7.6"]
[Board "1"]
[White "Sahin, Handenur"]
[Black "Atalik, Ekaterina"]
[Result "0-1"]
[BlackTitle "IM"]
[WhiteElo "1960"]
[BlackElo "2468"]
[WhiteTeam "Aegean"]
[BlackTeam "Anatolia"]
[WhiteFideId "6334865"]
[BlackFideId "4130189"]
[EventDate "2017.10.08"]

1. e4 c6 2. d4 d5 3. Nc3 dxe4 4. Nxe4 Bf5 5. Ng3 Bg6 6. h4 h6 7. Nf3 e6 8. h5
Bh7 9. Bd3 Bxd3 10. Qxd3 Nf6 11. Bd2 Be7 12. O-O-O O-O 13. Ne5 c5 14. dxc5 Qc7
15. Qe2 Qxc5 16. Nd3 Qc4 17. Kb1 Nc6 18. b3 Qa6 19. Nb2 Qxe2 20. Nxe2 Rfd8 21.
f3 Rd7 22. Nd3 Rad8 23. Nc3 Nb4 24. Bf4 Nxd3 25. cxd3 Rxd3 26. Rxd3 Rxd3 27. Kc2
Rxc3+ 28. Kxc3 Nd5+ 29. Kd4 Nxf4 30. g4 Kf8 31. Ke4 Nd5 32. Rc1 Ke8 33. Rc2 Kd7
34. Rd2 Bb4 35. Rd4 Bd6 36. Rd2 Ne7 37. Rg2 Nd5 38. Rd2 b5 39. Kd4 a5 40. a4
bxa4 41. bxa4 Bb4 42. Ra2 Kd6 43. Kd3 Ke5 44. Ra1 Kf4 45. Ke2 Nc3+ 46. Kf2 e5
47. Kg2 f6 48. Rc1 e4 49. fxe4 Kxg4 0-1